000 00901cam a22003017a 4500
003 CHAP
005 20220329135428.0
008 971013s r 00010 d
010 _a36310
011 _a37282
035 _a41401
040 _cCHAP
082 _a633
_bC8 v.1
110 _aMéxico. Departamento de Enseñanza y Divulgación Agrícolas
_976907
245 1 3 _aLa selección de la semilla del frijol
260 _a(San Jacinto) :
_bEl Departamento,
_c(s.a.)
300 _a7 p
490 0 _aCultivos diversos
_v; v.1
500 _aMimeógrafo
501 _aEnc. con otros impresos similares
590 _aBATCH-UPD
_b10
_c20130110
_lUCH01
_h1735
590 _aCONVERSION
_b10
_c20130109
_lUCH01
_h1320
650 1 4 _aFrijol
_xSemilla.
_943433
830 0 _aCultivos diversos
_v; v.1
_930375
901 _aBK
942 _cLIBRO
949 _a633 C8 v.1
_bBC
_cBPP
_d-94756
_eBPP
_i41401
_si
999 _c36310
_d36310